özv. dr. Váradi Sámuelné született Lőwy Hermina

Elmentve itt :
Bibliográfiai részletek
Dokumentumtípus: Cikk
Megjelent: 1940-12-14
Sorozat:Délmagyarország 16 No. 278
Kulcsszavak:Váradi Sámuelné Lőwy Hermina, Gyászjelentés
Online Access:http://dmarchiv.bibl.u-szeged.hu/41285
LEADER 00458nab a2200145 i 4500
001 delm41285
005 20180927130018.0
008 180927s1940 hu o 0|| hun d
040 |a SZTE Délmagyarország Archívum  |b hun 
041 |a hun 
245 0 0 |a özv. dr. Váradi Sámuelné született Lőwy Hermina  |h [elektronikus dokumentum] 
260 |c 1940-12-14 
300 |a 4 
490 0 |a Délmagyarország  |v 16 No. 278 
695 |a Váradi Sámuelné Lőwy Hermina, Gyászjelentés